| 000 | 01096cam a2200301 a 4500 | ||
|---|---|---|---|
| 999 |
_c130379 _d130379 |
||
| 001 | 1615529 | ||
| 003 | ARRUPE | ||
| 005 | 20200218105823.0 | ||
| 008 | 950810s1996 paua bf 001 0 eng c | ||
| 010 | _a 95020484 | ||
| 020 | _a0397551630 | ||
| 040 |
_aDNLM/DLC _cDLC _dDLC |
||
| 050 | 0 | 0 |
_aRT51 _b.B78 1996 |
| 060 | 1 | 0 | _aWY 491 L765 1996 |
| 082 | 0 | 0 |
_a610.73 _220 |
| 245 | 0 | 4 |
_aThe Lippincott manual of nursing practice. _cEdited by Sandra M. Nettima |
| 246 | 3 | 0 | _aManual of nursing practice |
| 250 |
_a6th ed. / _b[edited by] Sandra M. Nettina. |
||
| 260 |
_aPhiladelphia : _bLippincott-Raven Publishers, _cc1996. |
||
| 300 |
_axxi, 1526 p. : _bill. ; _c27 cm. |
||
| 504 | _aIncludes bibliographical references and index. | ||
| 650 | 0 |
_aNursing _xHandbooks, manuals, etc. _949565 |
|
| 650 | 1 | 2 |
_aNursing Care _xhandbooks. _949566 |
| 700 | 1 |
_aNettina, Sandra M. ed. _949567 |
|
| 906 |
_a7 _bcbc _corignew _d1 _eocip _f19 _gy-gencatlg |
||
| 942 |
_2lcc _cMONOGRAPH |
||